Desserts from 'U' - Statistics

General Stats
  • This quiz has been taken 11 times
  • The average score is 2 of 10
Answer Stats
Picture Answer % Correct
Upside Down Cake
100%
Ube Ice Cream
45%
Unni Appam
9%
Uraro
9%
Utah Scones
9%
Uiro
0%
Undu Walalu
0%
Uovo Sbattuto
0%
Ustipci
0%
Uunijuusto
0%
No matching quizzes found
Score Distribution
Percent of People with Each Score
Percentile by Number Answered
Your Score History
You have not taken this quiz